Human resource management : (Record no. 347080)
[ view plain ]
| 000 -LEADER | |
|---|---|
| fixed length control field | 01163 a2200181 4500 |
| 020 ## - INTERNATIONAL STANDARD BOOK NUMBER | |
| International Standard Book Number | 0273628232 (paperback) |
| 020 ## - INTERNATIONAL STANDARD BOOK NUMBER | |
| International Standard Book Number | 9780273628231 (paperback) |
| 082 04 - DEWEY DECIMAL CLASSIFICATION NUMBER | |
| Classification number | 658 |
| 090 ## - LOCALLY ASSIGNED LC-TYPE CALL NUMBER (OCLC); LOCAL CALL NUMBER (RLIN) | |
| -- | 4643 |
| -- | 4643 |
| 245 10 - TITLE STATEMENT | |
| Title | Human resource management : |
| Remainder of title | the new agenda / |
| Statement of responsibility, etc. | Paul Sparrow, Mick Marchington. |
| 260 ## - PUBLICATION, DISTRIBUTION, ETC. | |
| Place of publication, distribution, etc. | [S.l.] : |
| Name of publisher, distributor, etc. | Pitman Publishing, |
| Date of publication, distribution, etc. | 1998. |
| 300 ## - PHYSICAL DESCRIPTION | |
| Extent | 288 p. ; |
| Dimensions | 25 cm. |
| 520 ## - SUMMARY, ETC. | |
| Summary, etc. | The central focus of this book is the changing nature, context and role of Human Resource Management. The first part of the book considers the changing nature of the employment relationship and psychological contracts in the light of an ongoing process of technological change, downsizing and structural change within organisations. Part two examines the essential theme of flexibility while Part Three is concerned with partnership. The concluding chapter, written by the editors, gives an overview of the conclusions from the three parts and asks whether HRM is in crisis or evolving. |
| 700 1# - ADDED ENTRY--PERSONAL NAME | |
| Personal name | Sparrow, Paul. |
| 700 1# - ADDED ENTRY--PERSONAL NAME | |
| Personal name | Marchington, Mick. |
| 856 40 - ELECTRONIC LOCATION AND ACCESS | |
| Materials specified | Amazon.com |
| Uniform Resource Identifier | <a href="http://www.amazon.com/exec/obidos/ASIN/0273628232/chopaconline-20">http://www.amazon.com/exec/obidos/ASIN/0273628232/chopaconline-20</a> |
| 942 ## - ADDED ENTRY ELEMENTS (KOHA) | |
| Institution code [OBSOLETE] | NBS |
| Koha item type | Book |
| Call number prefix | 658.3 SPA |
| Withdrawn status | Lost status | Damaged status | Not for loan | Permanent Location | Current Location | Date acquired | Total Checkouts | Full call number | Barcode | Checked out | Date last seen | Date last checked out | Price effective from | Koha item type |
|---|---|---|---|---|---|---|---|---|---|---|---|---|---|---|
| Central Library (CL) | Central Library (CL) | 08/28/2013 | 3 | 658.3 SPA | NBS3924 | 10/23/2024 | 06/25/2024 | 06/25/2024 | 08/28/2013 | Book |
